000 00232nam a2200097Ia 4500
008 240331s9999 xx 000 0 und d
082 _a297
_bISL
100 _aAhmed,A.S. ed
245 0 _aIslam ,globalization and postmodernity
942 _cL
999 _c940
_d940